समुपदेशन : (Record no. 49646)

MARC details
000 -LEADER
fixed length control field 01237nam a22002777a 4500
005 - DATE AND TIME OF LATEST TRANSACTION
control field 20101224150352.0
008 - FIXED-LENGTH DATA ELEMENTS--GENERAL INFORMATION
fixed length control field 101224t xxu||||| |||| 00| 0 mar d
010 ## - LCCN (DPL NO)
LC control number MAR-20489
020 ## - INTERNATIONAL STANDARD BOOK NUMBER
Terms of availability 230.00
035 ## - SYSTEM CONTROL NUMBER
System control number MR-13147
037 ## - SOURCE OF ACQUISITION
Source of stock number/acquisition DBAD / PUB
040 ## - CATALOGING SOURCE
Original cataloging agency DPL
Language of cataloging MR
082 ## - DEWEY DECIMAL CLASSIFICATION NUMBER
Classification number 150
100 ## - MAIN ENTRY--PERSONAL NAME
Personal name देशपांडे,चंद्रशेखर
9 (RLIN) 25101
245 ## - TITLE STATEMENT
Title समुपदेशन :
Statement of responsibility, etc चंद्रशेखर देशपांडे
Remainder of title शास्त्रीय प्रक्रिया व उपयोजन /
246 ## - VARYING FORM OF TITLE
Remainder of title Samupadeshan: Sashtriya Prakriya v upayojan
Title proper/short title by Chanerashekhar Deshpande
260 ## - PUBLICATION, DISTRIBUTION, ETC. (IMPRINT)
Place of publication, distribution, etc पुणे
Name of publisher, distributor, etc उन्मेष प्रकाशन
Date of publication, distribution, etc 2010
270 ## - ADDRESS
Address सी -विंग,चंद्रनील अपार्टमेंट्स,सिंहगड रोड,
City पुणे
300 ## - PHYSICAL DESCRIPTION
Extent 276पृ
Dimensions 21सेमी (अजिल्द)
650 ## - SUBJECT ADDED ENTRY--TOPICAL TERM
9 (RLIN) 25127
650 ## - SUBJECT ADDED ENTRY--TOPICAL TERM
9 (RLIN) 25128
700 ## - ADDED ENTRY--PERSONAL NAME
9 (RLIN) 25102
700 ## - ADDED ENTRY--PERSONAL NAME
9 (RLIN) 25121
942 ## - ADDED ENTRY ELEMENTS (KOHA)
Source of classification or shelving scheme Dewey Decimal Classification
Item type Marathi Books
Call number suffix देशपां
Classification part 150
Holdings
Withdrawn status Lost status Source of classification or shelving scheme Damaged status Not for loan Collection code Home library Current library Date acquired Source of acquisition Cost, normal purchase price Total Checkouts Full call number Barcode Date last seen Copy number Cost, replacement price Koha item type
    Dewey Decimal Classification   Not For Loan Non-fiction D.B.Act.Division D.B.Act.Division 29/12/2010 DBAD / PUB 230.00   150 देशपां MR-13147 29/12/2010 1 230.00 Marathi Books

© Delhi Public Library
Hit Counter
free hit counter